<?xml version="1.0" encoding="UTF-8"?>
<collection xmlns="http://www.loc.gov/MARC21/slim">
 <record>
  <leader>00475nab a2200157 i 4500</leader>
  <controlfield tag="001">delm111713</controlfield>
  <controlfield tag="005">20190626140502.0</controlfield>
  <controlfield tag="008">190626s1983    hu      o     0||   hun d</controlfield>
  <datafield tag="040" ind1=" " ind2=" ">
   <subfield code="a">SZTE Délmagyarország Archívum</subfield>
   <subfield code="b">hun</subfield>
  </datafield>
  <datafield tag="041" ind1=" " ind2=" ">
   <subfield code="a">hun</subfield>
  </datafield>
  <datafield tag="100" ind1="1" ind2=" ">
   <subfield code="a">Kalocsai Katalin</subfield>
  </datafield>
  <datafield tag="245" ind1="1" ind2="0">
   <subfield code="a">Mi tetszik, mi nem? </subfield>
   <subfield code="h">[elektronikus dokumentum] :</subfield>
   <subfield code="b">Csúcs(idegen) forgalomban /</subfield>
   <subfield code="c"> Kalocsai Katalin</subfield>
  </datafield>
  <datafield tag="260" ind1=" " ind2=" ">
   <subfield code="c">1983-07-31</subfield>
  </datafield>
  <datafield tag="300" ind1=" " ind2=" ">
   <subfield code="a">3</subfield>
  </datafield>
  <datafield tag="490" ind1="0" ind2=" ">
   <subfield code="a">Délmagyarország</subfield>
   <subfield code="v">73 No. 180</subfield>
  </datafield>
  <datafield tag="695" ind1=" " ind2=" ">
   <subfield code="a">idegenforgalom</subfield>
  </datafield>
 </record>
</collection>
